Potential 2028 U.S. Presidential Election Candidates - Statistics

General Stats
  • This quiz has been taken 87 times
    34 since last reset
  • The average score is 7 of 13
Answer Stats
Party Person % Correct
Republican JD Vance
100%
Democratic Kamala Harris
88%
Democratic Gavin Newsom
81%
Democratic Alexandria Ocasio-Cortez
69%
Democratic Josh Shapiro
65%
Republican Ron DeSantis
50%
Democratic Andy Beshear
38%
Democratic Gretchen Whitmer
38%
Democratic JB Pritzker
38%
Democratic Wes Moore
35%
Republican Brian Kemp
23%
Republican Glenn Youngkin
19%
Republican Kanye West
8%
No matching quizzes found
Score Distribution
Percent of People with Each Score
Percentile by Number Answered
Your Score History
You have not taken this quiz since the last reset